000 00462nam a22001817a 4500
008 150630b xxu||||| |||| 00| 0 alb d
020 _a9789951437271
041 0 _aalb
080 _a808.1
100 _aZejnullahu, Safet;
245 _aShkrimi dhe komunikimi /
_cSafet Zejnullahu.
260 _aPrishtinë :
_bUBT ;
_c2014.
300 _a280 f.;
_c21 cm.
505 _aLiteratura: f. 277-279
650 0 _aShkrimi
650 0 _aKomunikimi
942 _2udc
_cBK
999 _c1079
_d1079